000 01107 a2200253 4500
005 20081117104836.0
008 081117t xxu||||| |||| 00| 0 hin d
010 _aHIN-85293
020 _a9788181662474
_c250.00
035 _aHN-57639
037 _bDBAD
040 _aDPL
_bHN
082 _a808.88
100 _aखरे, संतोष
245 _aशरारत शब्दों की /
_cसंतोष खरे
246 _aSharaarata shabdon kii
_bby Santosh Khare
260 _aदिल्ली
_bमेधा बुक्स
_c2008
270 _aएक्स-11,नवीन शाहदरा
_bदिल्ली
_e110032
_k011-22323672
300 _a205 पृ
_c22सेमी (सजिल्द)
650 _aलेख
_xसाहित्यिक संग्रह
650 _aArticles
_xLiterary collections
942 _adpl
_cHN
_2ddc
_mखरेसं
_h808.88
999 _c19386
_d19386